Sahanın sesleri (Record no. 9540)

MARC details
000 -BAŞLIK
Sabit Uzunlukta Kontrol Alanı 00980na a2200289 4500
001 - KONTROL NUMARASI
Denetim Alanı 18111
003 - KONTROL NUMARASI IDENTIFIER
Denetim Alanı MIRAKIL
005 - SON İŞLEM TARİHİ VE ZAMANI
Denetim Alanı 20181213155250.0
008 - SABİT-BOY VERİ ELEMANLARI - GENEL BİLGİLER
Sabit Uzunlukta Kontrol Alanı 161111b tu 000 0
020 ## - ULUSLARARASI STANDART KİTAP NUMARASI
Uluslararası Standart Kitap Numarası 9786053992851
035 ## - SİSTEM KONTROL NUMARASI
Sistem Kontrol Numarası 18111
040 ## - KATALOGLAMA KAYNAK
Orijinal Kataloglama Ajansı Milas
Kataloglama Dili tur
Metne Dönüştürmek Ajansı TR-AnCHP
041 ## - DİL KODU
Metin / Ses Parça Veya Ayrı Başlığın Dil Kodu tur
082 ## - DEWEY ONLU SINIFLANDIRMA NUMARASI
Sınıflandırma Numarası 302.2308
Ürün Numarası S23 2013
090 ## - SINIFLAMA NUMARASI
Sınıflama Numarası 302.2308 S23 2013
245 ## - BAŞLIK TABLOSU
Başlık Sahanın sesleri
Başlığın Kalan iletişim araştırmalarında etnografik yöntem
Sorumluluk Tablosu, Vb Derleyen Hakan Ergül ; yayına hazırlayan Fahri Aral.
246 ## - UNVAN FORM VARYING
Başlık Doğru / Kısa Başlığı İletişim araştırmalarında etnografik yöntem
260 ## - YAYIN, DAĞITIM, VB
Yayın, Dağıtım, Vb Yeri İstanbul
Yayıncı, Dağıtıcı, Vs Adı İstanbul Bilgi Üniversitesi Yayınları
Yayın, Dağıtım, Vb Tarihi 2013
300 ## - FİZİKSEL TANIM
Kapsam xvii, 343 s.
Diğer Fiziksel Ayrıntıları fotğ.
Boyutlar 25 sm.
440 ## - SERİSİ TABLOSU / KATMA GİRİŞİ - BAŞLIK
Başlık İstanbul Bilgi Üniversitesi yayınları
Hacim / Ardışık Tanımı 421.
490 ## - SERİSİ TABLOSU
Seri Beyanı Sosyoloji
Hacim / Ardışık Tanımı 16
504 ## - KAYNAKÇA VB NOT
Kaynakça Vb Notu Kaynakça ve dizin var.
650 ## - KONU KATMA GİRİŞ - TOPİKAL DÖNEM
Topikal Süreli Veya Coğrafi Ad Giriş Elemanı İletişim
Genel Alt Bölümü Araştırma yöntemleri
Kronolojik Alt Bölümü Etnografik yöntemler
650 ## - KONU KATMA GİRİŞ - TOPİKAL DÖNEM
Topikal Süreli Veya Coğrafi Ad Giriş Elemanı Etnoloji
Genel Alt Bölümü İletişim
700 ## - KATMA GİRİŞ - KİŞİSEL İSİM
Kişisel Ad Ergül, Hakan
942 ## - EKLENDİ GİRİŞ ELEMANLARI (KOHA)
Sınıflandırma Veya Raf Düzeni Kaynak Dewey Decimal Classification
Koha Öğesi Türü Books
999 ## - SİSTEM KONTROL NUMARALARI (KOHA)
Koha Biblionumber 9540
Koha Biblioitemnumber 9540
Holdings
Kalıcı Konum Mevcut Konum Edinme Tarihi Edinim Kaynak Toplam Check-Out'Lar Tam Çağrı Numarası Barkod Tarih Son Görülme İtibaren Geçerli Fiyatlar Koha Öğesi Türü
CHP Kütüphanesi CHP Kütüphanesi 11/11/2016 Bağış   302.2308 S23 2013 008607 11/11/2016 11/11/2016 Books